000 00536nam a2200145Ia 4500
008 100204s9999 xx 000 0 und d
082 _b12627
100 _aकुलकर्णी पद्मा
245 _aक्रौर्य नाझी नेत्याचे
260 _b"आशिष प्रकाशन, पुणे"
_c1990
300 _a238
630 _aक्रौर्य नाझी नेत्याचे
730 _aक्रौर्य नाझी नेत्याचे
942 _cBOOK
999 _c457059
_d457056